Peloduro : historia de mis personajes /
Kaydedildi:
| Yazar: | |
|---|---|
| Materyal Türü: | Bilinmiyor |
| Dil: | Spanish |
| Konular: | |
| Etiketler: |
Etiketle
Etiket eklenmemiş, İlk siz ekleyin!
|
MARC
| LEADER | 000000000a22000000004500 | ||
|---|---|---|---|
| 001 | 002494 | ||
| 041 | 0 | |a spa | |
| 100 | 1 | |a Suárez, Julio E. | |
| 245 | 1 | 0 | |a Peloduro : |b historia de mis personajes / |c Julio E. Suárez. |
| 310 | |a trimestral | ||
| 650 | 4 | |a SUAREZ, JULIO | |
| 650 | 4 | |a HISTORIA | |
| 650 | 4 | |a URUGUAY | |
| 650 | 4 | |a REALIDAD URUGUAYA | |
| 650 | 4 | |a HISTORIETA FUTBOLISTICA | |
| 650 | 4 | |a HISTORIETA SOCIAL | |
| 650 | 4 | |a PELODURO | |
| 650 | 4 | |a HISTORIETA URUGUAYA | |
| 650 | 4 | |a COMIC URUGUAYO | |
| 650 | 4 | |a TIRAS COMICAS | |
| 773 | 0 | |d España : CEXECI |t Con Eñe: Revista de cultura hispanoamericana |g número 1 (1997), páginas 34-39 | |
| 942 | |c ARC | ||
| 999 | |c 9910 |d 9910 | ||
